| 000 | 00433nam a2200157Ia 4500 | ||
|---|---|---|---|
| 008 | 210716s1995 xx 000 0 und d | ||
| 020 | _a0070074615 | ||
| 041 | _aeng | ||
| 082 | _a658.152 BRER | ||
| 100 | _aBrealey, Richard A;Myers, Stewart C;Marcus, Alan J. | ||
| 245 | _aFundamentals of corporate finance. | ||
| 250 | _a1 | ||
| 260 |
_aNew Delhi _bMcGraw Hill _c1995 |
||
| 300 | _axxiii,679,I-16 | ||
| 650 | _aCorporate Finance | ||
| 999 |
_c198376 _d198376 |
||